| 000 | 00901nam a2200253Ia 4500 | ||
|---|---|---|---|
| 001 | 11035 | ||
| 003 | GE_BSU | ||
| 008 | 181216s||||||||xx |||||||||||||| ||und|| | ||
| 020 | _a9785893532784 | ||
| 040 | _cGE_BSU | ||
| 080 | _a159.9 | ||
| 100 | _aБелопольская,Н.Л. | ||
| 245 | _aПсихологичекская диагностика личности детей с задержкой психического развития. | ||
| 250 | _a2-е изд.испр. | ||
| 260 | _aМосква | ||
| 260 | _bКогито-Центр. | ||
| 260 | _c2009. | ||
| 300 | _a192стр,илл,21см. | ||
| 300 | _eБиблиогр:с.174-185 | ||
| 541 | _h48л. | ||
| 653 | _aПсихологичекская диагностика личности детей с задержкой психического развития. | ||
| 653 | _aფსიქოლოგია | ||
| 942 | _cBK | ||
| 999 |
_c44277 _d44277 |
||